| 000 | 00720cam a22002531 4500 | ||
|---|---|---|---|
| 001 | sa 67004881 | ||
| 003 | DLC | ||
| 005 | 20260227112352.0 | ||
| 008 | 890918s1967 ii ach b 000 0 hino | ||
| 010 | _asa 67004881 | ||
| 035 | _a(OCoLC)20363554 | ||
| 040 |
_aDLC _cWaU _dDLC |
||
| 042 | _apremarc | ||
| 050 | 0 | 0 |
_aPK2095.T8 _bR324 |
| 100 | 1 | _aChaube, Shambhu Narayan. | |
| 245 | 1 | 0 | _aMānasa anuśīlana. |
| 260 | _c[1967] | ||
| 300 |
_a5, 15, 4, 46, 532 p. _billus., ports., facsims. _c22 cm. |
||
| 440 | 0 |
_aSūryakumārī pustakamālā, _v35 |
|
| 500 | _aIn Hindi. | ||
| 504 | _aBibliographical footnotes. | ||
| 600 | 0 | 0 |
_aTulasīdāsa, _d1532-1623. _tRāmacaritamānasa. |
| 700 | 1 |
_aPandey, Sudhakar, _d1927- |
|
| 999 |
_c74832 _d74832 |
||